| 000 | 00904nam a22002297a 4500 | ||
|---|---|---|---|
| 005 | 20090606110140.0 | ||
| 008 | 090606t xxu||||| |||| 00| 0 eng d | ||
| 010 | _aENG-93919 | ||
| 020 |
_a8189412507 _c400.00 |
||
| 035 | _aEN-77452 | ||
| 037 | _bDBAD / PUB | ||
| 040 |
_adpl _bEnglish |
||
| 082 | _a025.00285 | ||
| 100 | _aSinha, Madan Mohan | ||
| 245 |
_aComputer basics and its application in libraries / _cby Madan Mohan Sinha |
||
| 260 |
_aDelhi _bAvishkar Prakshan _c2008 |
||
| 270 |
_aL-20/13, Gali No. 5, Chivaji Marg, Kartar Nagar, _bDelhi _e110053 |
||
| 300 |
_aviii, 287p. _c23cm(Hb) |
||
| 500 | _aIncludes bibliographical references and index | ||
| 942 |
_2ddc _cEN _mSIN _h025.00285 |
||
| 999 |
_c27282 _d27282 |
||